000 00339nam a2200133Ia 4500
008 190216s9999||||xx |||||||||||||| ||und||
100 _aC.J .babu
245 0 _aThermal Statistical Solid State Physics
250 _a3rd Ed.
260 _bCalicut University Central Co-Operative
_c2000
300 _a300
650 _aPhysics
942 _cBK
999 _c34654
_d34654